Private banking times: magazín občasník s ekonomickým zameraním

Uložené v:
Podrobná bibliografia
Médium: Seriál
Jazyk:Slovak
Vydavateľské údaje: Bratislava Tatra banka 2024
Tagy: Pridať tag
Žiadne tagy, Buďte prvý, kto otaguje tento záznam!

MARC

LEADER 00000nas2a2200000 4500
001 0307171
005 20250220111058.9
041 0 |a slo 
044 |a SK 
245 1 0 |a Private banking times: magazín  |b občasník s ekonomickým zameraním 
264 1 |a Bratislava  |b Tatra banka  |c 2024 
773 0 |w eu_un_cat*0118361